Urológia špecializovaný časopis Slovenskej urologickej spoločnosti
| Format: | Journal |
|---|---|
| Language: | Slovak Czech English |
| PhysicalDescription: | 14 zv. 30 cm |
| Published: |
Skalica
Nemocnica s poliklinikou
1995-2008
Bratislava Slovenská urologická spoločnosť |
| ISSN: | 1335-3071 |
| Subjects: |
MARC
| LEADER | 00000cas a2200000 a 4500 | ||
|---|---|---|---|
| 001 | vtls008420187 | ||
| 003 | SK-MaSNL | ||
| 005 | 20260228161030.0 | ||
| 008 | 150903d19952008xo qr|p 0 b0slo c | ||
| 022 | |a 1335-3071 | ||
| 035 | |a (SVKBB03)vtls000065910 | ||
| 040 | |a SVKPO |b slo |c SVKPO |d SNK |d SVKBB |d SAVUK |e AACR2 | ||
| 041 | 0 | |a slo |a cze |a eng |b eng | |
| 044 | |a xo |c SK | ||
| 072 | 7 | |a 616 |x Patológia. Klinická medicína |2 konspekt | |
| 080 | |a 616.6 |2 2001 | ||
| 080 | |a 050 |2 2001 | ||
| 210 | 0 | |a Urológia |b (Skalica) | |
| 222 | 0 | |a Urológia |b (Skalica) | |
| 245 | 0 | 0 | |a Urológia |b špecializovaný časopis Slovenskej urologickej spoločnosti |
| 260 | |a Skalica |b Nemocnica s poliklinikou |c 1995-2008 | ||
| 260 | 3 | |3 2/2002-2008 |a Bratislava |b Slovenská urologická spoločnosť | |
| 300 | |a 14 zv. |c 30 cm | ||
| 310 | |a 4x ročne |b 2/2002-2008 | ||
| 321 | |a 2x ročne |b 1995-1/2002 | ||
| 362 | 0 | |a Č. 1 (1995)-roč. 14, č. 2 (2008) | |
| 500 | |a Zmena podnázvu: od č. 2/1997 časopis Slovenskej urologickej spoločnosti | ||
| 500 | |a Reg. číslo: 1213/95 | ||
| 500 | |a Tlač: ADOX, Skalica | ||
| 500 | |a Redaktori sa neuvádzajú | ||
| 546 | |a Čiast. text v češ. a angl., res. angl. | ||
| 650 | 0 | 7 | |a urológia |2 SNKPH |9 2605 |
| 650 | 0 | 7 | |a prostata |2 SNKPH |9 28681 |
| 655 | 7 | |a odborné časopisy |2 SNKPH |9 70505 | |
| 852 | |a Štátna vedecká knižnica v Banskej Bystrici | ||
| 910 | |a snk | ||
| 910 | |a savuk | ||
| 916 | |a 1995-2008 | ||
| 958 | |a ANL | ||
| 958 | |a OND | ||
| 999 | |c 4136 |d 6066 | ||
| 952 | |0 0 |1 0 |4 0 |7 0 |8 0 |a SNK |b SNK |d 2005-10-13 |i snkČSP 415/2004 |l 0 |o snkČSB 5277/6/2000 D1 |p 17A0483116 |r 2026-02-21 19:30:05 |t č. 1-2 |w 2026-02-21 |y PREZ | ||
| 952 | |0 0 |1 0 |4 0 |7 0 |a SNK |b SNK |d 2005-05-16 |i snkČSP 413/2004 |l 0 |o snkČSB 5277/5/1999 D1 |p 17A0469307 |r 2026-02-21 19:41:35 |t č. 1-2 |w 2026-02-21 |y PREZ | ||
| 952 | |0 0 |1 0 |4 0 |7 0 |a SNK |b SNK |d 2006-01-03 |f 1 |i snkČSP 414/2004 |l 0 |o snkČSB 5277/6/2000 |p 17A0492900 |r 2026-02-21 19:41:56 |t č. 1-2 |w 2026-02-21 |y PREZ | ||
| 952 | |0 0 |1 0 |4 0 |7 0 |a SNK |b SNK |d 2006-01-03 |f 1 |i snkČSP 402/2004 |l 0 |o snkČSB 5277/7/2001 |p 17A0492978 |r 2026-02-21 19:41:56 |t č. 1-2 |w 2026-02-21 |y PREZ | ||
| 952 | |0 0 |1 0 |4 0 |7 0 |a SNK |b SNK |d 2015-08-06 |f 1 |i snkČSP 404/2004 |l 0 |o snkČSB 5277/1995 |p 17A0922733 |r 2026-02-21 19:46:05 |t č. 1-2 |w 2026-02-21 |y PREZ | ||
| 952 | |0 0 |1 0 |4 0 |7 0 |a SNK |b SNK |d 2015-08-06 |f 1 |i snkČSP 406/2004 |l 0 |o snkČSB 5277/1996 |p 17A0922732 |r 2026-02-21 19:46:06 |t č. 1-2 |w 2026-02-21 |y PREZ | ||
| 952 | |0 0 |1 0 |4 0 |7 0 |a SNK |b SNK |d 2015-08-06 |f 1 |i snkČSP 408/2004 |l 0 |o snkČSB 5277/3/1997 |p 17A0922731 |r 2026-02-21 19:46:06 |t č. 1-2 |w 2026-02-21 |y PREZ | ||
| 952 | |0 0 |1 0 |4 0 |7 0 |a SNK |b SNK |d 2015-08-06 |f 1 |i snkČSP 410/2004 |l 0 |o snkČSB 5277/4/1998 |p 17A0922730 |r 2026-02-21 19:46:06 |t č. 1-2 |w 2026-02-21 |y PREZ |z dvojčíslo | ||
| 952 | |0 0 |1 0 |4 0 |7 0 |8 0 |a SNK |b SNK |d 2015-08-06 |f 1 |i snk2015/23949 |l 0 |o snkČSB 5277/11/2005 |p 17A1146126 |r 2026-02-21 19:46:07 |t č. 1-4 |w 2026-02-21 |y PREZ | ||
| 952 | |0 0 |1 0 |4 0 |7 0 |8 0 |a SNK |b SNK |d 2015-08-06 |i snk2015/23954 |l 0 |o snkČSB 5277/11/2005 D1 |p 17A1146127 |r 2026-02-21 19:46:07 |t č. 1-4 |w 2026-02-21 |y PREZ | ||
| 952 | |0 0 |1 0 |4 0 |7 0 |8 0 |a SNK |b SNK |d 2015-08-06 |f 1 |i snk2015/23957 |l 0 |o snkČSB 5277/12/2006 |p 17A1146128 |r 2026-02-21 19:46:07 |t č. 1-4 |w 2026-02-21 |y PREZ | ||
| 952 | |0 0 |1 0 |4 0 |7 0 |8 0 |a SNK |b SNK |d 2015-08-06 |i snk2015/23959 |l 0 |o snkČSB 5277/12/2006 D1 |p 17A1146129 |r 2026-02-21 19:46:07 |t č. 1-4 |w 2026-02-21 |y PREZ | ||
| 952 | |0 0 |1 0 |4 0 |7 0 |8 0 |a SNK |b SNK |d 2015-08-06 |f 1 |i snk2015/23970 |l 0 |o snkČSB 5277/13/2007 |p 17A1146130 |r 2026-02-21 19:46:07 |t č. 1-4 |w 2026-02-21 |y PREZ | ||
| 952 | |0 0 |1 0 |4 0 |7 0 |8 0 |a SNK |b SNK |d 2015-08-06 |i snk2015/23983 |l 0 |o snkČSB 5277/13/2007 D1 |p 17A1146131 |r 2026-02-21 19:46:07 |t č. 1-4 |w 2026-02-21 |y PREZ | ||
| 952 | |0 0 |1 0 |4 0 |7 0 |8 0 |a SNK |b SNK |d 2015-08-06 |f 1 |i snk2015/23922 |l 0 |o snkČSB 5277/8/2002 |p 17A1145890 |r 2026-02-21 19:46:13 |t č. 1-4 |w 2026-02-21 |y PREZ | ||
| 952 | |0 0 |1 0 |4 0 |7 0 |8 0 |a SNK |b SNK |d 2015-08-06 |i snk2015/23924 |l 0 |o snkČSB 5277/8/2002 D1 |p 17A1145891 |r 2026-02-21 19:46:13 |t č. 1-4 |w 2026-02-21 |y PREZ | ||
| 952 | |0 0 |1 0 |4 0 |7 0 |8 0 |a SNK |b SNK |d 2015-08-06 |f 1 |i snk2015/23933 |l 0 |o snkČSB 5277/9/2003 |p 17A1146122 |r 2026-02-21 19:46:13 |t č. 1-4 |w 2026-02-21 |y PREZ | ||
| 952 | |0 0 |1 0 |4 0 |7 0 |8 0 |a SNK |b SNK |d 2015-08-06 |i snk2015/23938 |l 0 |o snkČSB 5277/9/2003 D1 |p 17A1146123 |r 2026-02-21 19:46:13 |t č. 1-4 |w 2026-02-21 |y PREZ | ||
| 952 | |0 0 |1 0 |4 0 |7 0 |8 0 |a SNK |b SNK |d 2015-08-06 |f 1 |i snk2015/23942 |l 0 |o snkČSB 5277/10/2004 |p 17A1146124 |r 2026-02-21 19:46:13 |t č. 1-4 |w 2026-02-21 |y PREZ | ||
| 952 | |0 0 |1 0 |4 0 |7 0 |8 0 |a SNK |b SNK |d 2015-08-06 |i snk2015/23943 |l 0 |o snkČSB 5277/10/2004 D1 |p 17A1146125 |r 2026-02-21 19:46:14 |t č. 1-4 |w 2026-02-21 |y PREZ | ||
| 952 | |0 0 |1 0 |4 0 |7 0 |8 0 |a SNK |b SNK |d 2015-08-06 |f 1 |i snk2015/23993 |l 0 |o snkČSB 5277/14/2008 |p 17A1146132 |r 2026-02-21 19:46:14 |t č. 1-2 |w 2026-02-21 |y PREZ | ||
| 952 | |0 0 |1 0 |4 0 |7 0 |8 0 |a SNK |b SNK |d 2015-08-06 |i snk2015/24008 |l 0 |o snkČSB 5277/14/2008 D1 |p 17A1146133 |r 2026-02-21 19:46:14 |t č. 1-2 |w 2026-02-21 |y PREZ | ||
| 952 | |0 0 |1 0 |4 0 |7 0 |a SNK |b SNK |d 2023-11-13 |i snkČSP 407/2004 |l 0 |o snkČSB 5277/1996 D1 |p 17A1349065 |r 2026-02-21 19:48:59 |t č. 1-2 |w 2026-02-21 |y PREZ | ||
| 952 | |0 0 |1 0 |4 0 |7 0 |a SNK |b SNK |d 2023-11-14 |i snkČSP 405/2004 |l 0 |o snkČSB 5277/1995 D1 |p 17A1349056 |r 2026-02-21 19:52:47 |t č. 1-2 |w 2026-02-21 |y PREZ | ||
| 952 | |0 0 |1 0 |3 č. 1-2, úpl. |4 0 |7 0 |8 0 |a SNK |b SNK |d 2011-05-04 |i snk2004/411 |l 0 |o snkČSB 5277/4/1998 D1 |p 17A0699138 |r 2026-02-21 20:07:17 |t č. 1-2 |w 2026-02-21 |y PREZ | ||
| 952 | |0 0 |1 0 |3 č. 1-2 |4 0 |7 0 |8 0 |a SNK |b SNK |d 2011-10-13 |i snk2004/409 |l 0 |o snkČSB 5277/3/1997 D1 |p 17A0709779 |r 2026-02-21 20:22:36 |t č. 1-2 |w 2026-02-21 |y PREZ | ||
| 952 | |0 0 |1 0 |4 0 |7 0 |a SNK |b SNK |d 2004-11-10 |i snkČSP 403/2004 |l 0 |o snkČSB 5277/7/2001 D1 |p 17A0448182 |r 2005-01-02 00:00:00 |t č. 1-2 |w 2026-02-21 |y PREZ | ||
| 952 | |0 0 |1 0 |4 0 |7 0 |a SNK |b SNK |d 2005-08-09 |f 1 |i snkČSP 412/2004 |l 0 |o snkČSB 5277/5/1999 |p 17A0481293 |r 2026-02-21 21:22:03 |t č. 1-2 |w 2026-02-21 |y PREZ | ||


